000 00627nam a2200277Ia 4500
005 20260324114318.0
008 008 260324s9999 xx 000 0 eng d
020 _a9781003358275
037 _aEBOOK
040 _aCRL
040 _beng
040 _cCRL
041 _2eng
041 _aeng
084 _qCRL
100 _aBarry R. Clarke
_91150272
245 0 _aMathematical Conundrums
260 _bTaylor and Francis
260 _c2023
365 _a
365 _b160
856 _uhttp://www.taylorfrancis.com/books/9781003358275
942 _cEBOOK
999 _c1740380
_d1740380